| 000 -CABECERA |
| Campo de control de longitud fija |
00586nam a22001577a 4500 |
| 005 - FECHA Y HORA DE LA ÚLTIMA TRANSACCIÓN |
| Campo de control |
20211124134252.0 |
| 008 - CAMPO FIJO DE DESCRIPCIÓN FIJA--INFORMACIÓN GENERAL |
| Campo de control de longitud fija |
211124b ||||| |||| 00| 0 eng d |
| 040 ## - FUENTE DE CATALOGACIÓN |
| Agencia de catalogación original |
CDMR |
| 245 ## - MENCIÓN DE TÍTULO |
| Título |
25 años de humor en "El Periódico de Catalunya" |
| Parte restante del título |
/ coordinador: Josep Maria Cadena |
| 260 ## - PUBLICACIÓN, DISTRIBUCIÓN, ETC (PIE DE IMPRENTA) |
| Lugar de publicación, distribución, etc. |
Barcelona: |
| Nombre del editor, distribuidor, etc. |
El Periódico de Catalunya, |
| Fecha de publicación, distribución, etc. |
2003 |
| 300 ## - DESCRIPCIÓN FÍSICA |
| Extensión |
143 pàgines : |
| Otros detalles físicos |
principalment il.; |
| Dimensiones |
30 cm |
| 610 20 - ASIENTO SECUNDARIO DE MATERIA--NOMBRE CORPORATIVO |
| 9 (RLIN) |
946 |
| Nombre corporativo o nombre de la jurisdicción como elemento de entrada |
Periódico de Catalunya |
| Subdivisión general |
Història |
| 650 #0 - ASIENTO SECUNDARIO DE MATERIA--TÉRMINO DE MATERIA |
| 9 (RLIN) |
3162 |
| Nombre de materia o nombre geográfico como elemento de entrada |
Humorisme gràfic |
| Subdivisión geográfica |
Catalunya |
| Subdivisión general |
Història |
| 700 1# - ENCABEZAMIENTO SECUNDARIO--NOMBRE PERSONAL |
| 9 (RLIN) |
2992 |
| Nombre de persona |
Cadena, Josep M. |
| Fechas asociadas al nombre |
1935- |
| Forma más completa del nombre |
(Josep Maria) |
| 942 ## - ELEMENTOS KOHA |
| Fuente de clasificación o esquema de ordenación en estanterías |
|
| Koha tipo de item |
Monografies |